00944 a2200205 4500003000500000005001700005010001300022040000900035082001200044100003700056245009000093260004700183300004000230505023900270600003700509650004000546942001200586999001900598952012100617Nust20230301155733.0 a37009922 cNust a330,BON aBonavia, Michael Robert.9109694 aThe Economics of transport /cMichael R. Bonaviahwith an introduction by J.M. Keynes aNisbet & Co. LtdbLondoncetc., etc., 1936 a2 p. l., vii-x, 202 pbdiagrc20 cm aThe Function Of Transport (Page-1), The Means Of Transport (Page-14), The Organization Of Transport (Page-42), Competition In Transport (Page-79), Monopoly In Transport (Page-112), The Control And Coordination Of Transport (Page-158). aBonavia, Michael Robert.9109694 aThe Economics of transport,9109695 2ddccBK c184467d184467 00102ddc4070aMCSbMCScGENd2016-12-12o330,BONpMCS30011r2016-12-08w2016-12-12yBKzAlmirah No.73, Shelf No.5